| 000 | 01827cam a22004454i 4500 | ||
|---|---|---|---|
| 003 | PE-LiUPU | ||
| 005 | 20250731172938.0 | ||
| 008 | 150623s r 000 0 d | ||
| 020 | _a0765799642 | ||
| 035 | _a(Sirsi) i9780765799647 | ||
| 040 |
_aPE-LiUPU _bspa _cPE-LiUPU _erda |
||
| 049 | _aPRUA | ||
| 082 | 0 | 4 |
_a222.106 _bB72 _221 |
| 100 | 1 |
_aBonchek, Avigdor, _eautor. |
|
| 245 | 1 | 0 |
_aStudying the torah : _ba guide to in-depth interpretation / _cAvigdor Bonchek. |
| 264 | 1 |
_aNorthvale, New Jersey : _bJason Aronson inc., _c1997. |
|
| 300 |
_a180 páginas ; _c21 centímetros |
||
| 336 |
_atext _2rdacontent |
||
| 337 |
_aunmediated _2rdamedia |
||
| 338 |
_avolume _2rdacarrier |
||
| 505 | 0 | _aThe rest is interpretation.- Reading the torah-text for deeper understanding.- Opening sentences.- The contiguity principle.- Similarities between different.- Differences between similar texts.- Repetitions and redundancies.- Word order.- The psychological dimension.- The seven code.- An exercise in In-Depth interpretation: the ten plagues.- The Joseph story: textual discontinuity, thematic continuity. | |
| 526 | _aSEG42 | ||
| 526 | _aSEG41 | ||
| 526 | _aSEG40 | ||
| 526 | _aSEG39 | ||
| 526 | _aP94 | ||
| 526 | _aP87 | ||
| 526 | _aP86 | ||
| 526 | _aP85 | ||
| 526 | _aP77 | ||
| 526 | _aP76 | ||
| 526 | _aP35 | ||
| 630 |
_aBiblia. _pA.T. _pProfetas _xCrítica, interpretación, etc. |
||
| 942 |
_2ddc _cBOOK |
||
| 949 |
_a222.106 B72 _wDEWEY _c1 _i44459 _lCCODEBUL1 _mBUL _r0 _sY _tBOOK _u2015-6-24 _xTEOLOGIA _PP35 _0COMPRA _o.STAFF. Colección General |
||
| 994 |
_aC0 _bPEPRU |
||
| 596 | _a1 | ||
| 999 |
_a222.106 B72 _wDEWEY _c21337 _i44459 _f2021-11-9 _g5 _lCCODEBUL1 _mBUL _r0 _sY _tBOOK _u2015-6-24 _xTEOLOGIA _PP35 _0COMPRA _o.STAFF. Colección General _d21337 |
||
| 980 |
_81 _gALBERTO SANCHEZ Responsable de Automatización |
||